000 00836cam a22002654a 4500
001 13216325
005 20180223083232.0
008 030529s2004 caua b 001 0 eng
010 _a 2003012010
020 _a0761946527 (cloth)
020 _a0761946535 (paper)
040 _aDLC
_cDLC
_dDLC
041 _aeng
042 _apcc
043 _an-us---
080 _a371.90/72 mer
082 0 0 _a371.90/72 mer
_221
100 1 _a48
101 _aedu
245 1 0 _aResearch and evaluation methods in special education /
_cDonna M. Mertens, John A. McLaughlin.
504 _aIncludes bibliographical references (p. 239-255) and index.
906 _a7
_bcbc
_corignew
_d1
_eecip
_f20
_gy-gencatlg
942 _2ddc
_cBK
999 _c43314
_d43314